| 000 | 01011cam a22003257a 4500 | ||
|---|---|---|---|
| 003 | CHAP | ||
| 005 | 20220329141432.0 | ||
| 008 | 971013s1987 r 00010 d | ||
| 010 | _a68090 | ||
| 011 | _a69062 | ||
| 035 | _a78536 | ||
| 040 | _cCHAP | ||
| 090 | _aFolleto 6722 (1987) | ||
| 100 | 0 | 0 |
_aHenfling, Jan W. _953595 |
| 245 | 1 | 3 |
_aEl tizón tardío de la papa _b: Phytophthora infestans |
| 250 | _a2. ed. | ||
| 260 |
_aLima : _bCentro Internacional de la Papa, _c1987 |
||
| 300 |
_a25 p. _b: ilus.; gráfs. |
||
| 500 | _a26-222 | ||
| 590 |
_aBATCH-UPD _b10 _c20130110 _lUCH01 _h1619 |
||
| 590 |
_aBATCH-UPD _b10 _c20130410 _lUCH01 _h1013 |
||
| 590 |
_aBATCH-UPD _b10 _c20130914 _lUCH01 _h1702 |
||
| 590 |
_aCONVERSION _b10 _c20130109 _lUCH01 _h1337 |
||
| 650 | 1 | 4 |
_aPapa _xEnfermedades por hongos. _985229 |
| 650 | 1 | 4 |
_aPhytophthora infestans. _987925 |
| 650 | 1 | 4 |
_aTizón tardío de la papa. _9113451 |
| 901 | _aBK | ||
| 942 | _cFOLL | ||
| 949 |
_aFolleto 6722 (1987) _bBC _cFOLL _d-31410 _eTS1 _i78536 _si |
||
| 999 |
_c68090 _d68090 |
||